000 01451nam a22002417a 4500
005 20120614170415.0
008 081007t xxu||||| |||| 00| 0 mar d
010 _aMAR-22387
020 _c125.00
_a9788177865523
035 _aMR-15045
037 _bD.B.Act /pub
082 _a158.2
100 _949115
_aआर्या, मानवती
245 _aसुसंवादाची कला आणि व्यवहारकौशल्य :
_cमानवती आर्या [तथा] कृष्ण चंद्र आर्य; कमलेश मेटकर द्वारा अनुवादित
_bकेव्हा आणि कसे बोलावे /
246 _bby Manwati Arya and Krishna Chandra Arya
_aSusawandachi Kala Aani Vyahvaharkaushalya:Kehva Aani kase Bolave
260 _aऔरंगाबाद
_bसाकेत प्रकाशन
_c2009
270 _bऔरंगाबाद
_a115,म. गांधीनगर,स्टेशन रोड,
_e431005
300 _a159पृ.
_c22सेमी(अजिल्द)
700 _aआर्य, कृष्ण चंद्र
_950813
700 _aमेटकर, कमलेश
_950814
942 _2ddc
_cMR
_mआर्यामा
_h158.2
999 _c68913
_d68913